365 câu hỏi và trả lời

Guardat en:
Dades bibliogràfiques
Format: Llibre
Idioma:Undetermined
Publicat: Tp. Hồ Chí Minh Trẻ 1999
Matèries:
Etiquetes: Afegir etiqueta
Sense etiquetes, Sigues el primer a etiquetar aquest registre!
Thư viện lưu trữ: Trung tâm Học liệu Trường Đại học Cần Thơ
LEADER 00494nam a2200181Ia 4500
001 CTU_37055
008 210402s9999 xx 000 0 und d
020 |b 8.000đ 
082 |a 001 
082 |b B100/T.1 
245 0 |a 365 câu hỏi và trả lời 
245 0 |c Võ Văn Điểm, Phạm Minh Kha 
260 |a Tp. Hồ Chí Minh 
260 |b Trẻ 
260 |c 1999 
650 |a Knowledge,Science 
904 |i Minh 
980 |a Trung tâm Học liệu Trường Đại học Cần Thơ